| 000 | 00712nam a22001937a 4500 | ||
|---|---|---|---|
| 003 | OSt | ||
| 005 | 20250625053301.0 | ||
| 008 | 250625b |||||||| |||| 00| 0 eng d | ||
| 020 | _a978-1-4994-6095-7 | ||
| 040 |
_aDWCL - Main lib _cOC |
||
| 082 | _aCirc. 005.12023 A288p 2016 | ||
| 100 | _aHarmon, Daniel E. | ||
| 245 |
_aPowering up a career in software development and programming/ _cDaniel E. Harmon |
||
| 260 |
_aNY: _bThe Rosen publishing, _cc2016 |
||
| 300 |
_a20 pages: _bcolor illustrations; _c 23cm. |
||
| 650 | _a1. Computer software- Development- Vocational guidance -Juvenile lit. | ||
| 650 | _a2. Information technology- vocational guidance -Juvenile lit. | ||
| 942 |
_2ddc _cBK-CIRC _kCirc. _n0 |
||
| 999 |
_c3277 _d3277 |
||